[Event "Open Judit Polgár"]
[Site "SchemingMind.com"]
[Date "2012.01.04"]
[Round "-"]
[White "Aadsje"]
[Black "John Galvin"]
[Result "1/2-1/2"]
[WhiteCountry "NED"]
[BlackCountry "USA"]
[WhiteElo "2344"]
[WhiteRD "54"]
[BlackElo "2310"]
[BlackRD "56"]
[GameID "300590"]

1. d4 Nf6 2. Nc3 d5 3. Bf4 e6 4. e3 c5 5. Nb5 Na6 6. Nf3 Be7 7. dxc5 O-O 8. c3 Bxc5 9. Bd3 Nh5 10. Be5 Bd7
11. O-O Be7 12. c4 Bxb5 13. cxb5 Nc5 14. Rc1 Rc8 15. Be2 Nf6 16. Bd4 Bd6 17. a3 Ncd7 18. b4 Rxc1 19. Qxc1 Qb8 20. g3 e5
21. Bb2 Nb6 22. Qb1 Re8 23. Rc1 Na4 24. Ba1 Qd8= 25. Qf5 Qe7 26. Nd2 Nb6 27. Kg2 Nfd7 28. f3 g6 29. Qb1 h5 30. h4 Kh7
31. Bd1=
1/2-1/2

[Event "Open Judit Polgár"]
[Site "SchemingMind.com"]
[Date "2012.01.05"]
[Round "-"]
[White "John Galvin"]
[Black "Aadsje"]
[Result "1/2-1/2"]
[WhiteCountry "USA"]
[BlackCountry "NED"]
[WhiteElo "2311"]
[WhiteRD "57"]
[BlackElo "2293"]
[BlackRD "55"]
[GameID "300595"]

1. e4 e5 2. Nf3 Nc6 3. Nc3 Nf6 4. Bb5 Bb4 5. O-O O-O 6. d3 d6 7. Bg5 Bxc3 8. bxc3 Bd7 9. Rb1 a6 10. Bxc6 Bxc6
11. Re1 h6 12. Bh4 Re8 13. Re3 b5 14. h3 Qe7 15. d4 Rab8 16. Qd3 Bb7 17. Ree1 g5 18. Nxg5 hxg5 19. Bxg5 Qe6 20. d5 Nxd5
21. exd5 Bxd5 22. Bf6 Kf8 23. Qd2 Qxf6 24. Qxd5 Qe6=
1/2-1/2

[Event "Open Judit Polgár"]
[Site "SchemingMind.com"]
[Date "2012.02.04"]
[Round "-"]
[White "John Hamer"]
[Black "maro"]
[Result "1-0"]
[WhiteCountry "ENG"]
[BlackCountry "MEX"]
[WhiteElo "1961"]
[WhiteRD "75"]
[BlackElo "1368"]
[BlackRD "59"]
[GameID "302467"]

1. d4 d5 2. c4 Bf5 3. Nc3 Nf6 4. Nf3 e6 5. Bg5 Be7 6. e3 Ng4 7. Bxe7 Qxe7 8. cxd5 Qb4 9. dxe6 Bxe6 10. Qc2 Bc4
11. Bxc4 Qxc4 12. Qe4+ Qe6 13. Qxb7
1-0

[Event "Open Judit Polgár"]
[Site "SchemingMind.com"]
[Date "2012.02.04"]
[Round "-"]
[White "maro"]
[Black "John Hamer"]
[Result "0-1"]
[WhiteCountry "MEX"]
[BlackCountry "ENG"]
[WhiteElo "1368"]
[WhiteRD "59"]
[BlackElo "1961"]
[BlackRD "75"]
[GameID "302469"]

1. c4 Nf6 2. Nc3 e6 3. d4 d5 4. c5 Be7 5. e3 c6 6. Bd3 O-O 7. Nf3 Nbd7 8. O-O Re8 9. Re1 b6 10. cxb6 axb6
11. Ng5 g6 12. e4 e5 13. dxe5 Nxe5 14. Bc2 d4 15. Na4 b5 16. Bf4 Nc4 17. b3 Na3 18. Nb2 Nh5 19. Nd3 Nxf4 20. Nxf4 Bxg5
21. Qd2 Bxf4 22. Qxf4 Nxc2
0-1

[Event "Open Judit Polgár"]
[Site "SchemingMind.com"]
[Date "2012.02.20"]
[Round "-"]
[White "PankracyRozumek"]
[Black "jjb091"]
[Result "1-0"]
[WhiteCountry "POL"]
[BlackCountry "USA"]
[WhiteElo "1919"]
[WhiteRD "83"]
[BlackElo "1791"]
[BlackRD "84"]
[GameID "303684"]

1. c4 Nf6 2. g3 g6 3. Bg2 Bg7 4. Nc3 O-O 5. e4 d6 6. Nge2 c5 7. d4 cxd4 8. Nxd4 Nc6 9. Nxc6 bxc6 10. O-O Be6
11. Qa4 Qc7 12. Bf4 Rab8 13. Rab1 Nh5 14. Be3 Bxc3 15. bxc3 Rb7 16. Rb3 Rfb8 17. Rfb1 c5 18. Bh6 Bd7 19. Qa6 Rxb3 20. Rxb3 Rb6
21. Qa3 Bc6 22. e5 Bxg2 23. Kxg2 Ng7 24. exd6 exd6 25. Qb2 Nf5 26. Rxb6 Qxb6 27. Qxb6 axb6 28. Bg5 Kf8 29. Bd8 Ne7 30. Bxb6 Nc6
31. f4 Ke7 32. a4 Kd7 33. a5 Kc8 34. Kf3 Kb7 35. Ke4 Ne7 36. g4 f5+ 37. gxf5 gxf5+ 38. Kf3 Nc8 39. Kg3 Nxb6 40. axb6 Kxb6
41. Kh4 h6 42. Kh5 Kc6 43. Kg6 d5 44. cxd5+ Kxd5 45. Kxf5 Kd6 46. Kg6 Ke6 47. f5+ Ke7 48. Kg7
1-0

[Event "Open Judit Polgár"]
[Site "SchemingMind.com"]
[Date "2012.02.19"]
[Round "-"]
[White "jjb091"]
[Black "PankracyRozumek"]
[Result "1/2-1/2"]
[WhiteCountry "USA"]
[BlackCountry "POL"]
[WhiteElo "1849"]
[WhiteRD "88"]
[BlackElo "1908"]
[BlackRD "79"]
[GameID "303689"]

1. e4 Nf6 2. e5 Nd5 3. d4 d6 4. Nf3 dxe5 5. Nxe5 g6 6. Bc4 c6 7. O-O Bg7 8. Nc3 Be6 9. Ne4 O-O 10. Bb3 Nd7
11. Nf3 Qb6 12. Re1 Rad8 13. c3 Nc7 14. Bf4 Bxb3 15. Qxb3 Ne6 16. Bg3 Rfe8 17. Rad1 Rc8 18. Ne5 Nxe5 19. Bxe5 Bxe5 20. dxe5 Red8
21. g3 c5 22. Qxb6 axb6 23. f4 Kf8=
1/2-1/2

[Event "Open Judit Polgár"]
[Site "SchemingMind.com"]
[Date "2012.04.01"]
[Round "-"]
[White "kenneth m day"]
[Black "ajswegiel"]
[Result "0-1"]
[WhiteCountry "USA"]
[BlackCountry "POL"]
[WhiteElo "1721"]
[WhiteRD "52"]
[BlackElo "2174"]
[BlackRD "96"]
[GameID "307136"]

1. e4 e6 2. d4 d5 3. Nc3 Nf6 4. e5 Nfd7 5. f4 c5 6. Nf3 Nc6 7. Be3 a6 8. Qd2 b5 9. Be2 Qb6 10. O-O cxd4
11. Nxd4 Bc5 12. Rad1 g6 13. Kh1 Bb7 14. Rf3 Rc8 15. a3 Nxd4 16. Bxd4 Bxd4 17. Qxd4 Rc7 18. Qxb6 Nxb6 19. Rfd3 Nc4 20. Rb1 O-O
21. Nd1 Rfc8 22. Rc3 d4 23. Rd3 Be4 24. Rxd4 Bxc2 25. Rc1 Bxd1 26. Rcxd1 Nxb2 27. Rd8+ Rxd8 28. Rxd8+ Kg7 29. h3 Rc2 30. Bf3 Rc1+
31. Kh2 Ra1 32. Rd2 Nc4 33. Rd3 Rxa3 34. Rxa3 Nxa3 35. Bd1 Nc4 36. Kg3 a5 37. Kf3 a4 38. Ke2 a3 39. Bb3 Na5 40. Ba2 b4
41. Kd2 b3 42. Bxb3 Nxb3+
0-1

[Event "Open Judit Polgár"]
[Site "SchemingMind.com"]
[Date "2012.04.01"]
[Round "-"]
[White "ajswegiel"]
[Black "kenneth m day"]
[Result "1-0"]
[WhiteCountry "POL"]
[BlackCountry "USA"]
[WhiteElo "2174"]
[WhiteRD "96"]
[BlackElo "1721"]
[BlackRD "52"]
[GameID "307139"]

1. d4 Nf6 2. c4 e6 3. Nc3 Bb4 4. e3 b6 5. Ne2 Ba6 6. a3 Be7 7. Nf4 d5 8. cxd5 Bxf1 9. Kxf1 Nxd5 10. Ncxd5 exd5
11. Qh5 c6 12. Ne6 g6 13. Qe5 f6 14. Qg3 Qd6 15. Nc7+ Kd7 16. Nxa8 Na6 17. Nxb6+ axb6 18. Qxd6+ Bxd6 19. h4 Re8 20. g4 Nc7
21. Bd2 Ne6 22. Kg2 Ke7 23. f4 Kf7 24. g5 fxg5 25. hxg5 Kg7 26. a4 Nxf4+ 27. Kf3 Ne6 28. Kg4 Be7 29. a5 bxa5 30. Rxa5 Nxg5
31. Ra7 h5+ 32. Kf4 Kh6 33. Rd7 Ne4 34. Bc1 g5+ 35. Kf3 g4+ 36. Kg2 h4 37. Rf1 h3+ 38. Kh2 Bd6+ 39. Rxd6+ Nxd6 40. Rf6+ Kh5
41. e4 g3+ 42. Kxh3 Nf7 43. Rxf7 Rxe4 44. Rf4 Re1 45. Bd2 Re2 46. Rh4+ Kg6 47. Rg4+ Kf5 48. Bc3 g2 49. Rxg2 Rxg2 50. Kxg2 Kf4
51. Kf2 Ke4 52. Ke2 Kf4 53. Kd3 Kf5 54. Ba5 Ke6 55. Kc3 Kd6 56. Kb4 Kd7 57. Kc5
1-0

[Event "Open Judit Polgár"]
[Site "SchemingMind.com"]
[Date "2012.05.04"]
[Round "-"]
[White "César Jesús Reyes Maldonado"]
[Black "The Capitalist"]
[Result "1-0"]
[WhiteCountry "VEN"]
[BlackCountry "USA"]
[WhiteElo "2575"]
[WhiteRD "62"]
[BlackElo "1488"]
[BlackRD "69"]
[GameID "309831"]

1. e4 c6 2. d4 d5 3. Nd2 dxe4 4. Nxe4 Bf5 5. Ng3 Bg6 6. h4 h6 7. Nf3 Nd7 8. h5 Bh7 9. Bd3 Bxd3 10. Qxd3 e6
11. a3 Ngf6 12. Bd2 Qb6 13. O-O-O Bd6 14. Ne4 Nxe4 15. Qxe4 Nf6 16. Qh4 O-O-O 17. Ne5 Bxe5 18. dxe5 Nd5 19. c4 Nc7 20. Be3 Rxd1+
21. Rxd1 c5 22. Qe7 Rf8 23. Qd7+ Kb8 24. Qd8+
1-0

[Event "Open Judit Polgár"]
[Site "SchemingMind.com"]
[Date "2012.05.04"]
[Round "-"]
[White "The Capitalist"]
[Black "César Jesús Reyes Maldonado"]
[Result "0-1"]
[WhiteCountry "USA"]
[BlackCountry "VEN"]
[WhiteElo "1488"]
[WhiteRD "69"]
[BlackElo "2575"]
[BlackRD "62"]
[GameID "309835"]

1. e4 c5 2. Nf3 d6 3. d4 cxd4 4. Nxd4 Nf6 5. Nc3 a6 6. Be3 e5 7. Nb3 Be6 8. f3 Nc6 9. Nd5 Bxd5 10. exd5 Ne7
11. c4 g6 12. Bd3 Bg7 13. O-O O-O 14. Nd2 b5 15. cxb5 axb5 16. Be4 Nfxd5 17. Bxd5 Nxd5 18. Bf2 Nf4 19. Rc1 Rxa2 20. b4 Qg5
21. Bg3 Rxd2 22. Qxd2 Nh3+ 23. gxh3 Qxd2 24. Rfd1 Qe3+ 25. Kg2 e4 26. fxe4 Qxe4+ 27. Kf1 Ra8 28. Rxd6 Ra2 29. Rd8+ Bf8 30. Rxf8+ Kxf8
31. Bd6+ Kg7 32. Rc8 Qe2+
0-1

[Event "Open Judit Polgár"]
[Site "SchemingMind.com"]
[Date "2012.05.29"]
[Round "-"]
[White "John Hamer"]
[Black "César Jesús Reyes Maldonado"]
[Result "0-1"]
[WhiteCountry "ENG"]
[BlackCountry "VEN"]
[WhiteElo "1982"]
[WhiteRD "64"]
[BlackElo "2573"]
[BlackRD "67"]
[GameID "311324"]

1. d4 Nf6 2. Nf3 e6 3. c4 d5 4. Bf4 c6 5. e3 Bd6 6. Bxd6 Qxd6 7. Nc3 Nbd7 8. Qc2 O-O 9. Bd3 e5 10. dxe5 Nxe5
11. cxd5 Nxf3+ 12. gxf3 cxd5 13. Nb5 Qe7 14. Nc7 Rb8 15. Nb5 Bh3 16. Rg1 a6 17. Nc3 d4 18. Ne4 Nxe4 19. Bxe4= Rbc8 20. Qe2 Rfd8
21. exd4 Qh4 22. Qe3 f5 23. Bd5+ Kh8 24. Be6 Rc2
0-1

[Event "Open Judit Polgár"]
[Site "SchemingMind.com"]
[Date "2012.05.29"]
[Round "-"]
[White "César Jesús Reyes Maldonado"]
[Black "John Hamer"]
[Result "1-0"]
[WhiteCountry "VEN"]
[BlackCountry "ENG"]
[WhiteElo "2573"]
[WhiteRD "67"]
[BlackElo "1982"]
[BlackRD "64"]
[GameID "311325"]

1. e4 c6 2. d4 d5 3. Nc3 dxe4 4. Nxe4 Nd7 5. Nf3 Ngf6 6. Ng3 e6 7. Bd3 Be7 8. O-O O-O 9. Qe2 c5 10. Rd1 Qc7
11. c4 Re8 12. dxc5 Bxc5 13. Bc2 e5 14. Ng5 h6 15. N5e4 Bd4 16. Qf3 Qxc4 17. Bb3 Qc6 18. Be3 Bxb2 19. Rd6 Qc7 20. Bxh6 Re6
21. Rxe6 fxe6 22. Bxe6+ Kh8 23. Bxg7+ Kxg7 24. Nh5+
1-0

[Event "Open Judit Polgár"]
[Site "SchemingMind.com"]
[Date "2012.06.30"]
[Round "-"]
[White "dadshane2000"]
[Black "Jari Laine"]
[Result "1/2-1/2"]
[WhiteCountry "USA"]
[BlackCountry "FIN"]
[WhiteElo "2005"]
[WhiteRD "98"]
[BlackElo "2352"]
[BlackRD "72"]
[GameID "312846"]

1. e4 e5 2. Nf3 Nc6 3. Bb5 a6 4. Ba4 Nf6 5. O-O Be7 6. Re1 b5 7. Bb3 O-O 8. c3 d5 9. exd5 Nxd5 10. Nxe5 Nxe5
11. Rxe5 c6 12. d4 Bd6 13. Re1 Qh4 14. g3 Qh3 15. Re4 g5 16. Qf3 Bf5 17. Nd2 Rae8 18. Bxd5 cxd5 19. Re3 Rxe3 20. Qxe3 f6
21. Nf1 Bg6 22. f3 Re8 23. Qf2 Bd3 24. Be3 Bxf1 25. Rxf1 Bxg3 26. hxg3 Rxe3 27. Qxe3=
1/2-1/2

[Event "Open Judit Polgár"]
[Site "SchemingMind.com"]
[Date "2012.06.30"]
[Round "-"]
[White "Jari Laine"]
[Black "dadshane2000"]
[Result "1-0"]
[WhiteCountry "FIN"]
[BlackCountry "USA"]
[WhiteElo "2374"]
[WhiteRD "71"]
[BlackElo "2024"]
[BlackRD "93"]
[GameID "312850"]

1. e4 c5 2. Nf3 d6 3. d4 cxd4 4. Nxd4 Nf6 5. Nc3 a6 6. Be3 e6 7. Qd2 b5 8. f3 b4 9. Nce2 e5 10. Nb3 Nc6
11. c4 a5 12. a4 Be6 13. Ng3 Be7 14. Be2 O-O 15. Nf5 Bxf5 16. exf5 e4 17. O-O Ne5 18. fxe4 Nxe4 19. Qc2 Nc5 20. Nxc5 dxc5
21. Rad1 Qb6 22. Rd5 Nc6 23. f6 Bxf6 24. Rxf6 gxf6 25. Rh5 Rfe8 26. Qxh7+ Kf8 27. Bxc5+
1-0

[Event "Open Judit Polgár"]
[Site "SchemingMind.com"]
[Date "2012.07.08"]
[Round "-"]
[White "PankracyRozumek"]
[Black "CLewis73"]
[Result "0-1"]
[WhiteCountry "POL"]
[BlackCountry "ENG"]
[WhiteElo "1885"]
[WhiteRD "76"]
[BlackElo "2123"]
[BlackRD "89"]
[GameID "313539"]

1. c4 Nc6 2. g3 e5 3. Bg2 Nf6 4. Nc3 Bc5 5. a3 d6 6. e3 O-O 7. Nge2 Bg4 8. b4 Bb6 9. Na4 Qd7 10. h3 Bf5
11. Nxb6 axb6 12. d3 Nxb4 13. e4 Be6 14. g4 Nc6 15. O-O h6 16. f4 exf4 17. Bxf4 Ne5 18. Bxh6 Nfxg4 19. Bxg7 Kxg7 20. hxg4 Bxg4
21. Qd2 Bxe2 22. Qxe2 Qg4 23. Qxg4+ Nxg4 24. Ra2 Ne5 25. Rd1 Ra5 26. Bh3 Rfa8
0-1

[Event "Open Judit Polgár"]
[Site "SchemingMind.com"]
[Date "2012.07.08"]
[Round "-"]
[White "CLewis73"]
[Black "PankracyRozumek"]
[Result "1-0"]
[WhiteCountry "ENG"]
[BlackCountry "POL"]
[WhiteElo "2108"]
[WhiteRD "93"]
[BlackElo "1870"]
[BlackRD "86"]
[GameID "313544"]

1. Nc3 c5 2. Nf3 Nc6 3. d4 cxd4 4. Nxd4 Nf6 5. Nxc6 bxc6 6. e4 e5 7. Bc4 Bb4 8. O-O Bxc3 9. bxc3 d5 10. exd5 cxd5
11. Bb5+ Bd7 12. Bxd7+ Qxd7 13. Re1 Qe6 14. Ba3 Nd7 15. Rb1 f6 16. f4 e4 17. Qd4 Kf7 18. c4 Nb6 19. cxd5 Qd7 20. Rxe4 Qxd5
21. Re7+ Kg6 22. Qf2
1-0

[Event "Open Judit Polgár"]
[Site "SchemingMind.com"]
[Date "2012.10.19"]
[Round "-"]
[White "ajswegiel"]
[Black "Olli Ylönen"]
[Result "1-0"]
[WhiteCountry "POL"]
[BlackCountry "FIN"]
[WhiteElo "2132"]
[WhiteRD "115"]
[BlackElo "1862"]
[BlackRD "57"]
[GameID "319216"]

1. d4 Nf6 2. c4 g6 3. Nc3 d5 4. Bg5 Ne4 5. Bh4 Nxc3 6. bxc3 dxc4 7. e3 Be6 8. Nf3 c6 9. Be2 Bh6 10. O-O Nd7
11. Qb1 Qa5 12. e4 Nb6 13. a4 f6 14. Qc2 O-O 15. Rfb1 Bf4 16. Nd2 Bf7 17. Nf1 Rad8 18. f3 Rd7 19. Bf2 e5 20. g3 Bh6
21. dxe5 fxe5 22. Ne3 Nc8 23. Nxc4 Bxc4 24. Bxc4+ Kh8 25. f4 exf4 26. Be6 Re7 27. Bd4+ Bg7 28. Bxc8 Bxd4+ 29. cxd4 Rxc8 30. gxf4 Qc7
31. Rf1 Rce8 32. e5 Qb6 33. Qe4 g5 34. a5 Qd8 35. f5 c5 36. f6 Rf7 37. d5 Rxf6 38. Rxf6 Qxf6 39. Re1 Qa6 40. e6 Qd6
41. Qe5+ Qxe5 42. Rxe5 Kg7 43. d6
1-0

[Event "Open Judit Polgár"]
[Site "SchemingMind.com"]
[Date "2012.10.19"]
[Round "-"]
[White "Olli Ylönen"]
[Black "ajswegiel"]
[Result "0-1"]
[WhiteCountry "FIN"]
[BlackCountry "POL"]
[WhiteElo "1841"]
[WhiteRD "55"]
[BlackElo "2133"]
[BlackRD "98"]
[GameID "319219"]

1. d4 d5 2. c4 c6 3. cxd5 cxd5 4. Nc3 Nf6 5. Bf4 Bf5 6. Qb3 Qb6 7. Qxb6 axb6 8. Nf3 e6 9. Nh4 Bg6 10. Nxg6 hxg6
11. e3 Bb4 12. Bd3 Nh5 13. Bc7 Nd7 14. Bb5 Nf6 15. Bxb6 Ke7 16. Bc7 Rhc8 17. Be5 Nxe5 18. dxe5 Ne4 19. Ke2 Bxc3
0-1

[Event "Open Judit Polgár"]
[Site "SchemingMind.com"]
[Date "2012.12.08"]
[Round "-"]
[White "Jari Laine"]
[Black "John Galvin"]
[Result "1-0"]
[WhiteCountry "FIN"]
[BlackCountry "USA"]
[WhiteElo "2406"]
[WhiteRD "78"]
[BlackElo "2347"]
[BlackRD "71"]
[GameID "322674"]

1. e4 c5 2. Nc3 Nc6 3. f4 e6 4. Nf3 a6 5. Be2 d5 6. d3 Nf6 7. O-O Qc7 8. Qe1 Be7 9. e5 Nd7 10. Nd1 O-O
11. c3 f6 12. d4 cxd4 13. cxd4 fxe5 14. dxe5 Qb6+ 15. Kh1 Rd8 16. a3 a5 17. Be3 d4 18. Bg1 a4 19. Bc4 Nc5 20. Rc1 Qc7
21. Nf2 b5 22. Ba2 Rf8 23. Nh3 Qa5 24. Qg3
1-0

[Event "Open Judit Polgár"]
[Site "SchemingMind.com"]
[Date "2012.12.08"]
[Round "-"]
[White "John Galvin"]
[Black "Jari Laine"]
[Result "1/2-1/2"]
[WhiteCountry "USA"]
[BlackCountry "FIN"]
[WhiteElo "2319"]
[WhiteRD "71"]
[BlackElo "2448"]
[BlackRD "73"]
[GameID "322680"]

1. e4 e5 2. Nf3 Nc6 3. Bb5 a6 4. Ba4 Nf6 5. O-O Be7 6. Bxc6 dxc6 7. Qe2 Bg4 8. d3 Nd7 9. h3 Bh5 10. Nbd2 O-O
11. Nc4 Bd6 12. Ne3 Re8 13. Nf5 Nc5 14. Be3 Ne6 15. c3 Nf4 16. Bxf4 exf4 17. Rfe1 c5 18. Rad1 g6 19. Nxd6 Qxd6 20. d4 Rad8
21. d5 Re5 22. Qd3 c4 23. Qxc4 Bxf3 24. gxf3 Qe7 25. Kg2 Qg5+ 26. Kf1 Qe7 27. Rd4 a5 28. Red1 Rd6 29. Ke2 Rh5 30. Rh1 Rb6
31. b4 axb4 32. cxb4 Rd6 33. b5 Qe5 34. a4 b6 35. Kd3 Qe7 36. Qc3 Rd7 37. Rc4 Qh4 38. Ke2 Qe7 39. Kd2 f5 40. Rc1 fxe4
41. fxe4 f3 42. Qxf3 Rh4 43. R1c3 Qe5 44. Qg2 Rf7 45. Kc1 Qh5 46. Qg3 Qe2 47. Qxh4 Rxf2 48. Qxf2 Qxf2 49. a5 bxa5 50. Rxc7 Qe1+
51. Kb2 Qxe4= 52. b6 Qb4+ 53. Rb3 Qd4+ 54. Ka2 Qd2+ 55. Ka3 Qd1 56. Ka4 Qd4+ 57. Kxa5=
1/2-1/2

[Event "Open Judit Polgár"]
[Site "SchemingMind.com"]
[Date "2013.07.17"]
[Round "-"]
[White "CLewis73"]
[Black "ajswegiel"]
[Result "0-1"]
[WhiteCountry "ENG"]
[BlackCountry "POL"]
[WhiteElo "1861"]
[WhiteRD "87"]
[BlackElo "2120"]
[BlackRD "105"]
[GameID "334603"]

1. Nf3 Nf6 2. g3 d5 3. d3 Bf5 4. Bg2 e6 5. O-O Be7 6. Nbd2 O-O 7. Nh4 Bg4 8. h3 Bh5 9. Qe1 Nc6 10. c3 Nd7
11. Nhf3 Nce5 12. e4 Nxd3 13. Qe3 Nxc1 14. Raxc1 Bc5 15. Qe1 c6 16. b4 Be7 17. a4 Qc7 18. e5 a6 19. Qe3 b5 20. a5 Qa7
21. Qxa7 Rxa7 22. g4 Bg6 23. Nb3 c5 24. bxc5 Nxc5 25. Nxc5 Bxc5 26. Nd4 Bxd4 27. cxd4 Bd3 28. Rfd1 Bc4 29. Bf1 Rc7 30. Bxc4 dxc4
31. Rc2 Rd8 32. Kf1 Rd5 33. Ke2 b4 34. Ke3 Rxa5
0-1

[Event "Open Judit Polgár"]
[Site "SchemingMind.com"]
[Date "2013.07.18"]
[Round "-"]
[White "ajswegiel"]
[Black "CLewis73"]
[Result "1-0"]
[WhiteCountry "POL"]
[BlackCountry "ENG"]
[WhiteElo "2123"]
[WhiteRD "106"]
[BlackElo "1879"]
[BlackRD "86"]
[GameID "334607"]

1. d4 d5 2. c4 Nc6 3. Nc3 Nf6 4. Nf3 dxc4 5. Bg5 Bg4 6. d5 Bxf3 7. exf3 Ne5 8. Qd4 Ng6 9. O-O-O c6 10. Bxc4 Qa5
11. Bxf6 gxf6 12. dxc6 Rd8 13. Qxd8+ Qxd8 14. Rxd8+
1-0

[Event "Open Judit Polgár"]
[Site "SchemingMind.com"]
[Date "2013.11.02"]
[Round "-"]
[White "Jari Laine"]
[Black "César Jesús Reyes Maldonado"]
[Result "1/2-1/2"]
[WhiteCountry "FIN"]
[BlackCountry "VEN"]
[WhiteElo "2349"]
[WhiteRD "75"]
[BlackElo "2482"]
[BlackRD "108"]
[GameID "341106"]

1. d4 Nf6 2. c4 e6 3. Nc3 Bb4 4. Qc2 O-O 5. a3 Bxc3+ 6. Qxc3 b6 7. Bg5 Bb7 8. e3 d6 9. Ne2 Nbd7 10. Qc2 c5
11. Rd1 Qe7 12. f3 Rac8 13. Nc3 h6 14. Bh4 d5 15. cxd5 exd5 16. Bf2 a6 17. Be2 b5 18. Qd2 c4 19. O-O Bc6 20. Na2 Ra8
21. Rde1 a5 22. Bd1 Rfd8 23. Bg3 Nf8=
1/2-1/2

[Event "Open Judit Polgár"]
[Site "SchemingMind.com"]
[Date "2013.11.02"]
[Round "-"]
[White "César Jesús Reyes Maldonado"]
[Black "Jari Laine"]
[Result "1/2-1/2"]
[WhiteCountry "VEN"]
[BlackCountry "FIN"]
[WhiteElo "2451"]
[WhiteRD "105"]
[BlackElo "2456"]
[BlackRD "74"]
[GameID "341107"]

1. e4 d5 2. exd5 Qxd5 3. Nc3 Qd6 4. d4 Nf6 5. Nf3 g6 6. Nb5 Qb6 7. c4 c6 8. Nc3 Bg7 9. h3 O-O 10. Be2 Rd8
11. O-O Bf5 12. Qb3 Na6 13. Be3 Qxb3 14. axb3 Nb4 15. g4 Bc8 16. Rfd1 Nc2 17. Rac1 Nxe3 18. fxe3 h5 19. g5 Ne8 20. Kh2 Nd6
21. Bd3 b6 22. Kg2 Rb8 23. Rd2 a5 24. Re1 Kh7 25. e4 Ne8 26. e5 Nc7 27. Be4 Bd7 28. Kg3 Ne6 29. Red1 Be8 30. Ne2 b5
31. Bc2 Kg8 32. c5 f5 33. b4 a4 34. Bb1 Nc7 35. Ba2+ Kh7 36. d5 cxd5 37. Nf4 e6 38. Re2 Kg8 39. Nd4 Kf7 40. Bb1=
1/2-1/2

[Event "Open Judit Polgár"]
[Site "SchemingMind.com"]
[Date "2014.04.22"]
[Round "-"]
[White "ajswegiel"]
[Black "César Jesús Reyes Maldonado"]
[Result "0-1"]
[WhiteCountry "POL"]
[BlackCountry "VEN"]
[WhiteElo "2008"]
[WhiteRD "126"]
[BlackElo "2520"]
[BlackRD "113"]
[GameID "356969"]

1. d4 Nf6 2. c4 e6 3. Nc3 Bb4 4. e3 O-O 5. Ne2 d5 6. a3 Be7 7. cxd5 exd5 8. Nf4 c6 9. Bd3 Re8 10. O-O Nbd7
11. f3 Nf8 12. Qc2 Ne6 13. Nce2 Nxf4 14. Nxf4 Bd6 15. Ne2 Qc7 16. g3 Qb6 17. b4 Bh3 18. Rf2 a5 19. Rb1 axb4 20. axb4 h5
21. Nf4 Bd7 22. Bf5 Bxf5 23. Qxf5 Qb5 24. Qc2 Bxf4 25. gxf4 Nd7 26. e4 dxe4 27. fxe4 Ra4 28. e5 Rxb4 29. Bb2 Nb6 30. Ra1 Na4
31. Ba3 Rxd4 32. Bd6 Rc4 33. Qf5 Re6 34. Rg2 Qd5 35. Rf1 Rxd6
0-1

[Event "Open Judit Polgár"]
[Site "SchemingMind.com"]
[Date "2014.04.22"]
[Round "-"]
[White "César Jesús Reyes Maldonado"]
[Black "ajswegiel"]
[Result "1-0"]
[WhiteCountry "VEN"]
[BlackCountry "POL"]
[WhiteElo "2520"]
[WhiteRD "113"]
[BlackElo "2008"]
[BlackRD "126"]
[GameID "356970"]

1. e4 e6 2. d4 d5 3. Nc3 Nf6 4. e5 Nfd7 5. f4 c5 6. Nf3 a6 7. Be3 b5 8. Qd2 Nc6 9. a3 Rb8 10. dxc5 Bxc5
11. Bxc5 Nxc5 12. b4 Nd7 13. Bd3 Qb6 14. Ne2 f6 15. exf6 Nxf6 16. Qc3 Bd7 17. Nfd4 Nxd4 18. Qxd4 O-O 19. O-O Ng4 20. h3 Ne3
21. Rf2 Nc4 22. Bxc4 bxc4 23. Qxb6 Rxb6 24. Nd4 Ra8 25. Re2 a5 26. b5 a4 27. Rb1 g6 28. Kf2 g5 29. fxg5 Rf8+ 30. Kg3 Kg7
31. Rb4 Ra8 32. c3 Kg6 33. h4 Kh5 34. Nf3
1-0